| 000 | 00474nam a2200181Ia 4500 | ||
|---|---|---|---|
| 008 | 090630s9999 xx 000 0 und d | ||
| 082 | _b4380 | ||
| 100 | _a--- | ||
| 245 |
_aदिन स्मरणी. _c--- |
||
| 260 |
_bव्होरा कंपनी. _c1963 |
||
| 300 | _a32 | ||
| 600 | _a--- | ||
| 630 | _aदिन स्मरणी. | ||
| 655 | _aबालवाङमय. | ||
| 700 | _a--- | ||
| 730 | _aदिन स्मरणी. | ||
| 942 | _cBOOK | ||
| 999 |
_c256236 _d256236 |
||